| 000 | 00000nas##2200000za#4500 |
| 001 | 9.501179 |
| 003 | CaOODSP |
| 005 | 20221123120939 |
| 007 | cr ||||||||||| |
| 008 | 150406c1997||||xxc|| m o||||f| |0fre|d |
| 040 | |aCaOODSP|bfre |
| 043 | |an-cn--- |
| 086 | 1 |aYM32-3F-PDF |
| 245 | 00|aRésumé législatif |h[ressource électronique] |
| 260 | |aOttawa - Ontario : |bBibliothèque du Parlement. |
| 310 | |aIrrégulier |
| 520 | 3 |aLes résumés législatifs fournissent des renseignements sur la plupart des projets de loi importants, y compris leur objet et leur historique, une analyse des articles importants et des commentaires des groupes de pression, des médias et d'autres sources |
| 710 | 1 |aCanada. |bService d'information et de recherche parlementaires. |
| 775 | 08|tLegislative summary |w(CaOODSP)9.504770 |